000
00309nam a2200121Ia 4500
008
190722s9999 xx 000 0 und d
020
_a
13:978-93-392-2094-5
100
_a
Behrouz. Mukhopad hrar
245
0
_a
Cryptography And Network Security
260
_a
India
_b
McGraw Hill.
_c
2015
300
_a
675
942
_c
BK
999
_c
25
_d
25